000 00635cab a2200205 4500
001 WB3031-76
008 090401t1994 xxu||||| |||| 00| 0 eng d
035 _a(Sirsi) u30447
041 _aeng
245 _aBuilders in claim for water fees
260 _c1994
350 _a0
490 _aDaily Telegraph
_v8 August 1994, 20
520 _aThe House Builders` Federation is arguing for compensation from the privatised water companies to cover overcharging previously levied for connecting new houses to the mains.
650 _aWATER MAINS
650 _aWATER SUPPLY
690 _aWATER
942 _n0
948 _c04/03/1997
999 _c20522
_d20522